The Nine Sovereigns Photo - Statistics

General Stats
  • This quiz has been taken 6 times
  • The average score is 5 of 9
Answer Stats
Picture Answer % Correct
King George I of Greece
100%
King George V of the United Kingdom
100%
Kaiser Wilhelm II of the Germany
75%
King Haakon VII of Norway
50%
King Manuel II of Portugal
50%
Tsar Ferdinand I of Bulgaria
50%
King Albert I of the Belgians
25%
King Alfonso XIII of Spain
25%
King Frederick VIII of Denmark
25%
No matching quizzes found
Score Distribution
Percent of People with Each Score
Percentile by Number Answered
Your Score History
You have not taken this quiz